000 00779cab a22001935a 4500
001 L147365
008 090506e20090105xxk f 000 0 eng d
035 _a(Sirsi) u147365
041 0 _aeng
100 1 _aLever, Jon
245 0 0 _aAPC advice
260 _c2009
490 0 _aProperty Week
_v75(18) 1 May 2009, 44(1)
520 _aDiscusses the conclusion of the 21-month supervisor and counsellor review. Suggests that candidates and supervisors plan several further meetings every two or three weeks during the remaining time to finalise and check assessment documentation before sending it to the RICS.
590 _aKA
651 4 _aUnited Kingdom
_y
690 _aCAREERS, EDUCATION AND TRAINING-QUALIFICATION ROUTES-ASSESSMENT OF PROFESSIONAL COMPETENCE
942 _n0
999 _c81512
_d81512